| 000 -LEADER |
| fixed length control field |
01322cam a2200325 a 4500 |
| 001 - CONTROL NUMBER |
| control field |
1664544 |
| 003 - CONTROL NUMBER IDENTIFIER |
| control field |
OSt |
| 005 - DATE AND TIME OF LATEST TRANSACTION |
| control field |
20241106085408.0 |
| 008 - FIXED-LENGTH DATA ELEMENTS--GENERAL INFORMATION |
| fixed length control field |
160412s2016 enka j 000 0 eng d |
| 020 ## - INTERNATIONAL STANDARD BOOK NUMBER |
| International Standard Book Number |
9780008197056 |
| 040 ## - CATALOGING SOURCE |
| Original cataloging agency |
AU@ |
| Language of cataloging |
eng |
| Description conventions |
rda |
| Transcribing agency |
AU@ |
| Modifying agency |
OCLCO |
| -- |
OCLCQ |
| -- |
OCLCF |
| -- |
TOH |
| -- |
IC1 |
| -- |
OCL |
| -- |
NZALP |
| -- |
NZHSD |
| -- |
UX0 |
| -- |
OCLCQ |
| -- |
OCLCO |
| -- |
DHA |
| -- |
MLN |
| -- |
KH8 |
| 042 ## - AUTHENTICATION CODE |
| Authentication code |
nbic |
| 082 0# - DEWEY DECIMAL CLASSIFICATION NUMBER |
| Classification number |
823.92 WAL |
| 100 1# - MAIN ENTRY--PERSONAL NAME |
| Personal name |
Walliams, David, |
| Dates associated with a name |
1971- |
| Relator term |
Author. |
| 245 14 - TITLE STATEMENT |
| Title |
The world's worst children / |
| Statement of responsibility, etc. |
David Walliams ; illustrated in glorious colour by Tony Ross. |
| 260 ## - PUBLICATION, DISTRIBUTION, ETC. |
| Place of publication, distribution, etc. |
London : |
| Name of publisher, distributor, etc. |
HarperCollins Children's Books, |
| Date of publication, distribution, etc. |
2016. |
| 300 ## - PHYSICAL DESCRIPTION |
| Extent |
261 p. : |
| Other physical details |
color ill. ; |
| Dimensions |
20 cm. |
| 336 ## - CONTENT TYPE |
| Content type term |
text |
| Content type code |
txt |
| Source |
rdacontent. |
| 336 ## - CONTENT TYPE |
| Content type term |
still image |
| Content type code |
sti |
| Source |
rdacontent. |
| 337 ## - MEDIA TYPE |
| Media type term |
unmediated |
| Media type code |
n |
| Source |
rdamedia. |
| 338 ## - CARRIER TYPE |
| Carrier type term |
volume |
| Carrier type code |
nc |
| Source |
rdacarrier. |
| 440 ## - SERIES STATEMENT/ADDED ENTRY--TITLE |
| Number of part/section of a work |
1 |
| 520 ## - SUMMARY, ETC. |
| Summary, etc. |
From the world's favorite author, David Walliams cautionary tales and a delightfully dreadful cast of characters all in a gorgeous full color format! Are you ready to meet the World's Worst Children? Five beastly boys and five gruesome girls! |
| 650 #0 - SUBJECT ADDED ENTRY--TOPICAL TERM |
| Topical term or geographic name entry element |
Children |
| General subdivision |
Conduct of life |
| Form subdivision |
Juvenile fiction. |
| 650 #0 - SUBJECT ADDED ENTRY--TOPICAL TERM |
| Topical term or geographic name entry element |
Children |
| Form subdivision |
Juvenile fiction. |
| 650 #0 - SUBJECT ADDED ENTRY--TOPICAL TERM |
| Topical term or geographic name entry element |
Children's stories. |
| 650 #0 - SUBJECT ADDED ENTRY--TOPICAL TERM |
| Topical term or geographic name entry element |
Humorous stories. |
| 700 1# - ADDED ENTRY--PERSONAL NAME |
| Personal name |
Ross, Tony. |
| Relator term |
Illustrator. |
| 942 ## - ADDED ENTRY ELEMENTS (KOHA) |
| Source of classification or shelving scheme |
|
| Koha item type |
Books - Fiction |